00392 a2200133 450000100060000008200140000610000180002024500300003825000060006826000480007430000160012252000600013860000600019860121 a958.1 DUP aDupree, Louis aAfghanistancLouis Dupree a1 aNew JersybPrinceton University Pressc1980 axxiv, 778 p aamir abdur rehman khan, king amanullah, king nadir khan aamir abdur rehman khan, king amanullah, king nadir khan